| 000 | 00529nam a22001937a 4500 | ||
|---|---|---|---|
| 005 | 20260525145125.0 | ||
| 020 | _a9780230634367 | ||
| 041 | _aENG | ||
| 082 |
_a519.72 _bSHA |
||
| 100 | _aSharma, J.K. | ||
| 245 |
_aLinear programming : _btheory and applications / _cJ. K. Sharma. |
||
| 260 |
_aDelhi : _bMacmillan , _c2008. |
||
| 300 |
_axiii. 497 pages ; _c26 cm. |
||
| 504 | _aIncludes index. | ||
| 650 | _aLinear programming. | ||
| 650 | _aOperations research. | ||
| 650 | _aMathematical optimization. | ||
| 942 |
_2ddc _cBK |
||
| 999 |
_c24355 _d24355 |
||